000 00849 a2200181 4500
001 120160
020 _a9781443109888
040 _cEscola Canadense de Niteroi
090 _aROS
100 _aRosenthal, Amy
245 1 0 _aAujourd'hui, c'est oui!
300 _bil.
362 0 _a2011
520 _aIl y une journée dans l’année, où les enfants peuvent absolument tout demander et la réponse est oui! Puis-je avoir de la pizza pour déjeuner? Oui! Puis-je veiller tard ce soir? Oui! C'est le jour du Oui!, le plus beau jour de l'année! Ce livre plein d'humour invitera les lecteurs à bien profiter des petits plaisirs de la vie. Il amènera parents et enfants à exprimer leurs souhaits les plus chers... et les plus fous! (Grade Level: Kindergarten-1)
650 4 _aLittérature Pour Enfants
650 4 _aAnniversaire
942 _cBK
999 _c120160
_d120160